<?xml version="1.0" encoding="UTF-8"?>
<record
    xmlns:xsi="http://www.w3.org/2001/XMLSchema-instance"
    xsi:schemaLocation="http://www.loc.gov/MARC21/slim http://www.loc.gov/standards/marcxml/schema/MARC21slim.xsd"
    xmlns="http://www.loc.gov/MARC21/slim">

  <leader>01239nam a22002777a 4500</leader>
  <controlfield tag="003">dpl</controlfield>
  <controlfield tag="005">20170124103223.0</controlfield>
  <controlfield tag="008">161219b        xxu||||| |||| 00| 0 eng d</controlfield>
  <datafield tag="010" ind1=" " ind2=" ">
    <subfield code="a">B-075931</subfield>
  </datafield>
  <datafield tag="020" ind1=" " ind2=" ">
    <subfield code="c">300.00</subfield>
  </datafield>
  <datafield tag="035" ind1=" " ind2=" ">
    <subfield code="a">B-075931</subfield>
  </datafield>
  <datafield tag="037" ind1=" " ind2=" ">
    <subfield code="b">Cen Lib/Ret</subfield>
  </datafield>
  <datafield tag="040" ind1=" " ind2=" ">
    <subfield code="a">DPL</subfield>
    <subfield code="b">HN</subfield>
    <subfield code="c">DPL</subfield>
  </datafield>
  <datafield tag="082" ind1=" " ind2=" ">
    <subfield code="a">821.08</subfield>
    <subfield code="b">&#x92C;&#x93E;&#x92C;&#x93E;&#x90B;</subfield>
  </datafield>
  <datafield tag="100" ind1=" " ind2=" ">
    <subfield code="a">&#x92C;&#x93E;&#x92C;&#x93E;, &#x90B;&#x924;&#x93E; </subfield>
    <subfield code="9">123744</subfield>
  </datafield>
  <datafield tag="245" ind1=" " ind2=" ">
    <subfield code="a">&#x915;&#x93E;&#x92E;&#x93E;&#x92F;&#x928;&#x940; &#x914;&#x930; &#x90B;&#x924;&#x902;&#x92C;&#x930;&#x93E; &#x915;&#x940; &#x924;&#x941;&#x932;&#x928;&#x93E;&#x924;&#x94D;&#x92E;&#x915; &#x926;&#x943;&#x937;&#x94D;&#x91F;&#x940;   /</subfield>
    <subfield code="c">&#x90B;&#x924;&#x93E; &#x92C;&#x93E;&#x92C;&#x93E; </subfield>
  </datafield>
  <datafield tag="246" ind1=" " ind2=" ">
    <subfield code="a">Kamayani aur ritabara ki tulnatmak tirsti  /</subfield>
    <subfield code="b">by Rita baba </subfield>
  </datafield>
  <datafield tag="260" ind1=" " ind2=" ">
    <subfield code="a">&#x926;&#x93F;&#x932;&#x94D;&#x932;&#x940; </subfield>
    <subfield code="b">&#x92A;&#x941;&#x937;&#x94D;&#x92A;&#x93E;&#x902;&#x91C;&#x932;&#x93F; &#x92A;&#x94D;&#x930;&#x915;&#x93E;&#x936;&#x928; </subfield>
    <subfield code="c">2001</subfield>
  </datafield>
  <datafield tag="270" ind1=" " ind2=" ">
    <subfield code="a">&#x90F;&#x932;/46, &#x917;&#x932;&#x940; &#x928;. 5, &#x936;&#x93F;&#x935;&#x93E;&#x91C;&#x940; &#x92A;&#x93E;&#x930;&#x94D;&#x915; </subfield>
    <subfield code="b">&#x926;&#x93F;&#x932;&#x94D;&#x932;&#x940; </subfield>
    <subfield code="e">110053</subfield>
  </datafield>
  <datafield tag="300" ind1=" " ind2=" ">
    <subfield code="a">210&#x92A;&#x943;. :</subfield>
    <subfield code="c">20&#x938;&#x947;&#x92E;&#x940;(&#x938;&#x91C;&#x93F;&#x932;&#x94D;&#x926;)</subfield>
  </datafield>
  <datafield tag="650" ind1=" " ind2=" ">
    <subfield code="a">&#x939;&#x93F;&#x902;&#x926;&#x940; &#x938;&#x93E;&#x939;&#x93F;&#x924;&#x94D;&#x92F; &#x915;&#x93E; &#x907;&#x924;&#x93F;&#x939;&#x93E;&#x938;</subfield>
    <subfield code="9">10161</subfield>
  </datafield>
  <datafield tag="650" ind1=" " ind2=" ">
    <subfield code="a">&#x939;&#x93F;&#x902;&#x926;&#x940; &#x938;&#x93E;&#x939;&#x93F;&#x924;&#x94D;&#x92F; &#x915;&#x93E; &#x907;&#x924;&#x93F;&#x939;&#x93E;&#x938;-&#x92D;&#x93E;&#x930;&#x94D;&#x935;&#x924; &#x915;&#x93E;&#x932;</subfield>
    <subfield code="9">10162</subfield>
  </datafield>
  <datafield tag="650" ind1=" " ind2=" ">
    <subfield code="a">Hindi Literature</subfield>
    <subfield code="9">123745</subfield>
  </datafield>
  <datafield tag="650" ind1=" " ind2=" ">
    <subfield code="a">Hindi Literature- Bharvat Period</subfield>
    <subfield code="9">10164</subfield>
  </datafield>
  <datafield tag="942" ind1=" " ind2=" ">
    <subfield code="2">ddc</subfield>
    <subfield code="c">HN</subfield>
    <subfield code="h">821.08</subfield>
    <subfield code="m">&#x92C;&#x93E;&#x92C;&#x93E;&#x90B;</subfield>
  </datafield>
  <datafield tag="999" ind1=" " ind2=" ">
    <subfield code="c">121989</subfield>
    <subfield code="d">121989</subfield>
  </datafield>
  <datafield tag="952" ind1=" " ind2=" ">
    <subfield code="0">0</subfield>
    <subfield code="1">0</subfield>
    <subfield code="4">0</subfield>
    <subfield code="7">1</subfield>
    <subfield code="8">REF</subfield>
    <subfield code="a">L</subfield>
    <subfield code="b">L</subfield>
    <subfield code="d">2016-01-14</subfield>
    <subfield code="e">Cen Lib/Ret</subfield>
    <subfield code="g">300.00</subfield>
    <subfield code="l">0</subfield>
    <subfield code="o">821.08 &#x92C;&#x93E;&#x92C;&#x93E;&#x90B;</subfield>
    <subfield code="p">B-075931</subfield>
    <subfield code="r">2016-01-14 00:00:00</subfield>
    <subfield code="t">1</subfield>
    <subfield code="v">300.00</subfield>
    <subfield code="w">2016-01-14</subfield>
    <subfield code="y">HN</subfield>
  </datafield>
</record>
